000 00775nam a2200253 a 4500
001 21845
003 BD-RjUL
005 20260208102430.0
008 140305s1984 bg f000 0 eng d
035 _a(BD-RjUL)21845
040 _aDLC
_cDLC
_dDLC
_dBD-RjUL
_beng
041 1 _aengben
082 0 4 _a891.441
_bFOU 1984
245 1 0 _aFour poets from Bangladesh /
_ctranslated into English and edited by Abu Rushd.
250 _a1st ed.
260 _aDhaka :
_bBangla Academy,
_c1984.
300 _a60 p. ;
_c22 cm.
500 _aPoems.
500 _aCover title: 4 poets from Bangladesh.
520 _aSelected poems of four Bangladeshi poets.
650 0 _a Bengali poetry -- Translations into English.
_967445
700 1 _a Rushd. Abu
_917685
942 _2ddc
_cBK
999 _c21845
_d21845